| 000 | 00671nam a2200301Ia 4500 | ||
|---|---|---|---|
| 005 | 20260401122158.0 | ||
| 008 | 008 250103s9999 xx 000 0 eng d | ||
| 020 | _a8126015861 | ||
| 037 | _aTB | ||
| 040 | _aEDL | ||
| 040 | _beng | ||
| 040 | _cEDL | ||
| 041 | _2eng | ||
| 041 | _aeng | ||
| 084 | _a891.4509 CHM | ||
| 084 | _qEDL | ||
| 100 |
_aCh. Manihar Singh _91232831 |
||
| 245 | 0 | _aHistory of Manipuri Literature | |
| 245 | 0 | _cCh. Manihar Singh | |
| 260 | _aNew Delhi | ||
| 260 | _bSahitya Akademi | ||
| 260 | _c2003 | ||
| 300 | _a323p | ||
| 942 | _cTB | ||
| 942 | _h891.4509 CHM | ||
| 999 |
_c1845440 _d1845440 |
||